The phenomenon of man (Record no. 81867)

MARC details
000 -LEADER
fixed length control field 00680nam a2200157 a 4500
008 - FIXED-LENGTH DATA ELEMENTS--GENERAL INFORMATION
fixed length control field 120416s1965 ||||||||||||||||| || u
050 ## - LIBRARY OF CONGRESS CALL NUMBER
Classification number BD 512 Tei
100 ## - MAIN ENTRY--PERSONAL NAME
Personal name Teihard de Chardin, Pierre
245 14 - TITLE STATEMENT
Title The phenomenon of man
260 ## - PUBLICATION, DISTRIBUTION, ETC.
Place of publication, distribution, etc. London
Name of publisher, distributor, etc. Collins
Date of publication, distribution, etc. 1965
300 ## - PHYSICAL DESCRIPTION
Extent 349p. : ill.
350 ## -
-- 0.00
650 ## - SUBJECT ADDED ENTRY--TOPICAL TERM
Topical term or geographic name entry element PHILOSOPHY
995 ## -
-- ANNEX COLLECTION (Main Library)
-- 0.00
-- 714185
-- CBU-MAIN LIBRARY (Kitwe)
-- 1
-- 0.00
-- BD 512 Tei
-- 1
-- AVAILABLE
-- May 12, 2006
-- 000935
-- Annex Low-Usage Collection
995 ## -
-- MAIN LIBRARY OPEN ACCESS
-- 0.00
-- 709775
-- CBU-MAIN LIBRARY (Kitwe)
-- 2
-- 0.00
-- BD 512 Tei
-- 2
-- AVAILABLE
-- May 12, 2006
-- 000934
-- Main Library Open Access Collection
999 ## -
-- 81867
-- 81867
Holdings
Withdrawn status Lost status Source of classification or shelving scheme Damaged status Not for loan Permanent Location Current Location Shelving location Date acquired Total Checkouts Full call number Barcode Date last seen Copy number Price effective from Koha item type
          CBU-MAIN LIBRARY, KITWE. CBU-MAIN LIBRARY, KITWE.   09/12/2023   BD 512 Tei 000935 09/12/2023 1 09/12/2023 MONOGRAPH
          CBU-MAIN LIBRARY, KITWE. CBU-MAIN LIBRARY, KITWE.   09/12/2023   BD 512 Tei 000934 09/12/2023 2 09/12/2023 MONOGRAPH